वृहत्तर भारत का संक्षिप्त इतिहास (Record no. 1435974)

MARC details
000 -LEADER
fixed length control field 01025 a2200229 4500
005 - DATE AND TIME OF LATEST TRANSACTION
control field 20260327164744.0
008 - FIXED-LENGTH DATA ELEMENTS--GENERAL INFORMATION
fixed length control field 260327b |||||||| |||| 00| 0 eng d
020 ## - INTERNATIONAL STANDARD BOOK NUMBER
International Standard Book Number 9789348309297 (hbk)
037 ## - SOURCE OF ACQUISITION
Terms of availability TB
040 ## - CATALOGING SOURCE
Original cataloging agency CRL
Transcribing agency CRL
041 ## - LANGUAGE CODE
Source of code hin
Language code of text/sound track or separate title hin
084 ## - COLON CLASSIFICATION NUMBER
Classification number V2.C 152R5
Assigning agency CRL
100 ## - MAIN ENTRY--PERSONAL NAME
Personal name चौबे, धर्मचन्द
9 (RLIN) 822197
245 ## - TITLE STATEMENT
Title वृहत्तर भारत का संक्षिप्त इतिहास
260 ## - PUBLICATION, DISTRIBUTION, ETC.
Place of publication, distribution, etc. नई दिल्ली, भारत:
Name of publisher, distributor, etc. अखिल भारतीय इतिहास संकलन योजना,
Date of publication, distribution, etc. 2025.
300 ## - PHYSICAL DESCRIPTION
Extent 407पृ.
650 ## - SUBJECT ADDED ENTRY--TOPICAL TERM
Topical term or geographic name entry element भारत
650 ## - SUBJECT ADDED ENTRY--TOPICAL TERM
Topical term or geographic name entry element संक्षिप्त इतिहास
9 (RLIN) 1232019
700 ## - ADDED ENTRY--PERSONAL NAME
Personal name सिंह, शत्रुजीत
Relator term लेखक
9 (RLIN) 1232020
942 ## - ADDED ENTRY ELEMENTS (KOHA)
Koha item type Textbook
Source of classification or shelving scheme Colon Classification (CC)
Classification part V2.C 152R5
Holdings
Withdrawn status Lost status Source of classification or shelving scheme Damaged status Not for loan Home library Current library Date acquired Source of acquisition Cost, normal purchase price Inventory number Total Checkouts Full call number Barcode Date last seen Cost, replacement price Price effective from Koha item type
    Colon Classification (CC)     Central Library Central Library 2026-02-11 25/ ईस्टर्न बुक लिंकर्स 1276.00 93 & 2026-02-06   V2.C 152R5 CL1925938 2026-02-11 1595.00 2026-02-11 Textbook
Copyright @ Delhi University Library System